| 000 | 00487nam a2200133Ia 4500 | ||
|---|---|---|---|
| 008 | 191111s9999 xx 000 0 und d | ||
| 020 | _a9789719810636 | ||
| 100 | _aRodriguez, Agustin Martin G. | ||
| 245 |
_cAgustin Martin G. Rodriguez.-- _aGender and society : _bthe whys of women, their oppressions, and paths of liberation / |
||
| 260 |
_aQuezon City : _bC & E Publishing, Inc. _c2019 |
||
| 300 | _axiii, 314 pages. | ||
| 650 | _aHuman rights | ||
| 650 | _aWomen in economic development | ||
| 999 |
_c362588 _d362588 |
||